| 000 | 00826nam a22003017a 4500 | ||
|---|---|---|---|
| 001 | BR8807062 | ||
| 003 | BR-BrBNA | ||
| 005 | 20230928093056.0 | ||
| 007 | ta | ||
| 008 | 230509b bl.||||| |||| 00| 0 por d | ||
| 040 |
_aBR-BrBNA _bpor _cBiblioteca Nacional de Agricultura |
||
| 041 | _a(Por) | ||
| 072 |
_aD50; T01 _b/G514 |
||
| 090 | _ D50 BR8807062 | ||
| 100 | 1 | _aGraziani, M.N. | |
| 100 | 1 | _aCorrea, E. de M. | |
| 110 | 1 |
_aInstituto de Terras, Cartografia e Florestas, Curitiba, PR (Brasil) _96277 |
|
| 245 | 1 | _aColetanea de legislacao ambiental [Parana] | |
| 260 | 3 |
_aCuritiba, PR (Brasil): _c1986. |
|
| 300 | _a384 p. | ||
| 650 | _aMEIO AMBIENTE | ||
| 650 | _aPRESERVACAO DA NATUREZA | ||
| 650 | _aLEI | ||
| 650 | _aDECRETO | ||
| 650 | _aPARANA | ||
| 909 |
_a202309 _bLucia _c55 _dLucia Elande |
||
| 942 | _cBK | ||
| 999 |
_c42857 _d42857 |
||